000 00446nam a22001337a 4500
005 20241016092443.0
008 241016b |||||||| |||| 00| 0 eng d
100 _aNunag, Criselle.
_eauthor.
_962977
245 _aSip & paint /
_cCriselle Nunag.
260 _aPhilippines;
_bPhilippine Graphic Publishing Inc.,
_cJuly 2019.
300 _aVolume 20, pages 36-37,
_billustration.
700 _aNunag, Criselle.
_eauthor.
_962978
942 _2ddc
_cPER
999 _c22578
_d22578